Testovacie údajové sady pre bezpečnostné technológie

Salvato in:
Dettagli Bibliografici
Autore principale: Ilavský, Martin (Autore)
Altri autori: Hudec, Ladislav (Relatore della tesi)
Natura: Manoscritto Libro
Lingua:slovacco
Pubblicazione: 2016
Soggetti:
Accesso online:http://is.stuba.sk/zp/portal_zp.pl?podrobnosti=131616
Tags: Aggiungi Tag
Nessun Tag, puoi essere il primo ad aggiungerne!!

MARC

LEADER 00000ntm a22000003a 4500
001 stuzp59056
003 SK-STU
005 20160719155742.4
007 ta
008 150427s2015----xo-----f-mn---000-0-slo-d
040 |a STU  |b slo 
041 0 |a slo 
100 1 |a Ilavský, Martin  |u 070400  |4 aut  |U FIIT Fakulta informatiky a informačných technológií  |T FIIT Ústav počítačového inžinierstva a aplikovanej informatiky  |X 72122  |U I400  |Y 672  |7 72122 
242 0 1 |a Testing datasets for security technologies  |y eng 
245 1 0 |a Testovacie údajové sady pre bezpečnostné technológie 
260 |c 2016 
650 4 |a testovacie údajové sady  |2 slo 
650 4 |a Snort  |2 slo 
650 4 |a sieťové útoky  |2 slo 
650 4 |a nižšie vrstvy RM OSI  |2 slo 
650 4 |a Snort  |2 eng 
650 4 |a network attacks  |2 eng 
650 4 |a lower layers of RM OSI  |2 eng 
650 4 |a testing datasets  |2 eng 
700 1 |a Hudec, Ladislav  |u 070400  |k Z1  |4 ths  |U FIIT Fakulta informatiky a informačných technológií  |T FIIT Ústav počítačového inžinierstva a aplikovanej informatiky  |X 2081  |U I400  |Y 672  |7 2081 
856 4 |u http://is.stuba.sk/zp/portal_zp.pl?podrobnosti=131616 
996 |b 284IB00177  |c I*BAP 17/2016  |l II680  |s P  |a 0  |w stuzp59056_0001 
SQL |a stuzp59056  |b DBP  |c SLO  |d Testovacie údajové sady pre bezpečnostné technológie  |e 72122  |f Ilavský, Martin  |g 070400  |h 2081  |i Hudec, Ladislav  |j 20160621  |k 1285  |l 07  |m http://is.stuba.sk/zp/portal_zp.pl?podrobnosti=131616  |n B-IT  |o 9.2.4. počítačové inžinierstvo